000 00317nam a22001457a 4500
008 221216b ||||| |||| 00| 0 eng d
020 _a2901284044798
041 _aeng
080 _a615
082 _a615SMI
100 _a13
101 _aFARMA
245 _aPHARMACOLOGY FOR NURSES
_cSMITH T.B
942 _2udc
_cBK
999 _c59199
_d59199